Malays in Singapore : (Record no. 4251)
[ view plain ]
| 000 -LEADER | |
|---|---|
| fixed length control field | 01073pam a2200337 a 4500 |
| 003 - CONTROL NUMBER IDENTIFIER | |
| control field | AKMAL |
| 005 - DATE AND TIME OF LATEST TRANSACTION | |
| control field | 20170525163438.0 |
| 008 - FIXED-LENGTH DATA ELEMENTS--GENERAL INFORMATION | |
| fixed length control field | 170525s1989 si b 001 0 eng d |
| 020 ## - INTERNATIONAL STANDARD BOOK NUMBER | |
| International Standard Book Number | 0195889142 : ($30.00 (est.)) |
| 040 ## - CATALOGING SOURCE | |
| Original cataloging agency | AKMAL |
| 082 04 - DEWEY DECIMAL CLASSIFICATION NUMBER | |
| Classification number | 959.57 LIT |
| 090 ## - LOCALLY ASSIGNED LC-TYPE CALL NUMBER (OCLC); LOCAL CALL NUMBER (RLIN) | |
| Classification number (OCLC) (R) ; Classification number, CALL (RLIN) (NR) | 959.57 |
| Local cutter number (OCLC) ; Book number/undivided call number, CALL (RLIN) | LIT |
| 100 1# - MAIN ENTRY--PERSONAL NAME | |
| Personal name | Li, Tania, |
| Dates associated with a name | 1959- |
| 9 (RLIN) | 8313 |
| 245 10 - TITLE STATEMENT | |
| Title | Malays in Singapore : |
| Remainder of title | culture, economy, and ideology / |
| Statement of responsibility, etc. | Tania Li |
| 260 ## - PUBLICATION, DISTRIBUTION, ETC. | |
| Place of publication, distribution, etc. | Singapore ; New York : |
| Name of publisher, distributor, etc. | Oxford University Press, |
| Date of publication, distribution, etc. | 1989 |
| 300 ## - PHYSICAL DESCRIPTION | |
| Extent | xvii, 206p. ; |
| Dimensions | 26cm |
| 500 ## - GENERAL NOTE | |
| General note | Includes index. |
| 504 ## - BIBLIOGRAPHY, ETC. NOTE | |
| Bibliography, etc. note | Bibliography: p. [189]-200 |
| 650 #0 - SUBJECT ADDED ENTRY--TOPICAL TERM | |
| Topical term or geographic name entry element | Malays (Asian people) |
| Geographic subdivision | Singapore |
| 9 (RLIN) | 8314 |
| 650 ## - SUBJECT ADDED ENTRY--TOPICAL TERM | |
| Topical term or geographic name entry element | Malays (Asian people) |
| General subdivision | Social life and customs |
| Geographic subdivision | Singapore |
| 9 (RLIN) | 8315 |
| 651 #0 - SUBJECT ADDED ENTRY--GEOGRAPHIC NAME | |
| Geographic name | Singapore |
| General subdivision | Civilization |
| 9 (RLIN) | 8316 |
| 651 #0 - SUBJECT ADDED ENTRY--GEOGRAPHIC NAME | |
| Geographic name | Singapore |
| General subdivision | Economic conditions |
| 9 (RLIN) | 8317 |
| 942 ## - ADDED ENTRY ELEMENTS (KOHA) | |
| Source of classification or shelving scheme | |
| Koha item type | Book |
| Withdrawn status | Lost status | Source of classification or shelving scheme | Damaged status | Not for loan | Collection code | Home library | Current library | Shelving location | Date acquired | Inventory number | Total Checkouts | Full call number | Barcode | Date last seen | Price effective from | Koha item type |
|---|---|---|---|---|---|---|---|---|---|---|---|---|---|---|---|---|
| NON-FICTION | AKMAL Melaka | AKMAL Melaka | PINJAMAN | 25.05.2017 | 900209 | 959.57 LIT | 201705426 | 25.05.2017 | 25.05.2017 | Book |
